| 000 | 00591nam a2200205Ia 4500 | ||
|---|---|---|---|
| 005 | 20250326144528.0 | ||
| 008 | 250326s9999 xx 000 0 und d | ||
| 020 | _a0-7637-3416-0 | ||
| 037 | _aTextbook | ||
| 040 |
_aFMSL _beng _cFMSL |
||
| 041 |
_aeng _2eng |
||
| 084 |
_aL:14 P9 _qFMSL |
||
| 100 |
_aMoseley Iii George B _9749832 |
||
| 245 | 0 |
_aManaging health care business strategy _cMoseley Iii George B |
|
| 260 |
_aBoston _bBoston, Jones And Bartett _c2009 |
||
| 300 | _axv,344 | ||
| 365 | _b3613.9364999999998 | ||
| 942 |
_cTB _hL:14 P9 |
||
| 999 |
_c1304059 _d1304059 |
||